Genetic aspects of plant nutrition: Proceedings of the First International symposium on genetic aspects of plant nutrition, Belgrade, August 30- September 4, 1982 (Record no. 38010)

MARC details
000 -LEADER
fixed length control field 00708nam a2200217Ia 4500
082 ## - DEWEY DECIMAL CLASSIFICATION NUMBER
Classification number 581.13
Item number SAR
100 ## - MAIN ENTRY--AUTHOR NAME
Personal name LOUGHMAN, B C
245 #0 - TITLE STATEMENT
Title Genetic aspects of plant nutrition: Proceedings of the First International symposium on genetic aspects of plant nutrition, Belgrade, August 30- September 4, 1982
260 ## - PUBLICATION, DISTRIBUTION, ETC. (IMPRINT)
Place of publication Hague
Name of publisher Martinus Nijhoff
Year of publication 1983
490 ## - SERIES STATEMENT
Series statement Developments in plant and soil sciences. V 8
650 ## - SUBJECT ADDED ENTRY--TOPICAL TERM
Topical Term Absorption
650 ## - SUBJECT ADDED ENTRY--TOPICAL TERM
Topical Term Genotype
650 ## - SUBJECT ADDED ENTRY--TOPICAL TERM
Topical Term Mineral nutrition
650 ## - SUBJECT ADDED ENTRY--TOPICAL TERM
Topical Term Nitrogen uptake
650 ## - SUBJECT ADDED ENTRY--TOPICAL TERM
Topical Term Plant growth
650 ## - SUBJECT ADDED ENTRY--TOPICAL TERM
Topical Term Plant nutrition
650 ## - SUBJECT ADDED ENTRY--TOPICAL TERM
Topical Term Translocation
700 ## - ADDED ENTRY--PERSONAL NAME
Personal name SARIC, M R
942 ## - ADDED ENTRY ELEMENTS (KOHA)
Koha item type Books
Holdings
Withdrawn status Lost status Damaged status Not for loan Home library Current library Date acquired Full call number Accession Number Koha item type
        RRII Library RRII Library 16/12/2021 581.13 SAR 18378 Books